|
|
|
|
| LEADER |
00000nab a2200000 a 4500 |
| 001 |
vtls000888417 |
| 003 |
SK-MaSNL |
| 005 |
20260304102916.0 |
| 008 |
250429c2004 xo 0 slo |
| 015 |
|
|
|a SNBRB2004/10-30125
|
| 035 |
|
|
|a CLN000239852
|
| 035 |
|
|
|a (urnnbn)urn:nbn:sk:snk:ar-0068cq
|
| 035 |
|
|
|a (uuid)39f3b342-38f5-4e81-9d54-36bf488332af
|
| 035 |
|
|
|a urn:nbn:sk:snk-ab8448
|
| 040 |
|
|
|a SNKBUCL
|b slo
|c SNKBUCL
|e AACR2
|
| 041 |
0 |
|
|a slo
|
| 044 |
|
|
|a xo
|c SK
|
| 080 |
|
|
|a 94(44)-051"17"
|2 1997
|
| 080 |
|
|
|a 929 Polerecký, Matej, ml.
|2 1997
|
| 080 |
|
|
|a 94(44)"17"
|2 1997
|
| 100 |
1 |
|
|a Segeš, Vladimír,
|d 1950-
|4 aut
|9 97496
|
| 245 |
1 |
0 |
|a Francúzsky plukovník Matej Polerecký
|c Vladimír Segeš
|
| 300 |
|
|
|b Obr.
|
| 600 |
1 |
7 |
|a Polerecký, Matej,
|d okolo 1709- po 1773
|2 snkbucl
|9 132687
|
| 651 |
|
7 |
|a Francúzsko
|2 snkbucl
|9 15907
|
| 655 |
|
7 |
|a články z novín a časopisov
|2 snkbucl
|9 267496
|
| 773 |
0 |
|
|t Obrana
|g Roč. 12, č. 15 (2004), s. 21
|x 1336-2910
|
| 850 |
|
|
|a Slovenská národná knižnica
|
| 852 |
|
|
|a Slovenská národná knižnica
|
| 954 |
|
|
|a odborná, vedecká literatúra pôvodná (slovenská)
|2 lita
|
| 958 |
|
|
|a article9
|
| 958 |
|
|
|a FR
|
| 958 |
|
|
|a BX
|
| 958 |
|
|
|a OND
|
| 958 |
|
|
|a EUIPO
|
| 992 |
|
|
|a RBX
|
| 999 |
|
|
|c 2847172
|d 2849102
|